000 00654nam a22001817a 4500
003 BUBTL
008 190403b xxu||||| |||| 00| 0 eng d
020 _a984-70133-0384-8
082 _a891.443 / AHA
100 _91703
_aআহমেদ,হুমায়ূন
245 _aআপনারে আমি খুজিয়া বেড়াই /
_cহুমায়ূন আহমেদ
260 _aঢাকা :
_bকাকলী প্রকাশনী,
_cc1994
300 _a388 p. :
_c22 cm.
650 0 _91689
_aবাংলা সাহিত্য
856 _k0
_l0
_yDownload
942 _2ddc
_cBK
999 _c5948
_d5948